00761nam a2200241 a 4500001001300000003000900013005001700022008004100039020002300080082001800103100002600121245003900147260005400186300000900240500003500249505002600284650003200310700002600342902000800368942000700376952011900383999001700502nice12345678IN_TiNIC20260116014206.0050524s2002 newa grp 000 0 eng  a8174353 c15000a297.63bSHA11 aShaikh, Fazlur Rehman aChronology of the Prophetic Events aNew Delhi bAdam Publisher and Distributer c2002 a157p aincludes index and biblioraphy2 aIndex, Quranic Verses aMuhammad, Prophet-Biography1 aShaikh, Fazlur Rehman bSRS cBK 001040708StackRoom-aHMIbHMId2007-07-10g150.00l0o297.63 SHA11p020585r2007-07-10v150.00w2005-05-24yBK c14257d14257